000
00322nam a2200145Ia 4500
005
20251222151329.0
008
251222s9999||||xx |||||||||||||| ||spa||
020
_a
8430604170
082
_a
121/S56
100
_a
Simone, Raffaele
245
0
_a
La Tercera Fase:
250
_a
1ra. ed.
264
_b
Taurus
942
_c
LIB
999
_c
24010
_d
24010